| 000 | 02029cam a22004457a 4500 | ||
|---|---|---|---|
| 003 | CHAP | ||
| 005 | 20220329141938.0 | ||
| 008 | 980902d1997 mx rs o 11 spa d | ||
| 010 | _a76088 | ||
| 011 | _a77060 | ||
| 020 | _a970-13-1760-2 | ||
| 020 | _a9701343158 | ||
| 035 | _a86658 | ||
| 040 | _cCHAP | ||
| 082 | 0 | 4 |
_a331.11 _bI56 Ver. |
| 110 | 2 |
_aInstituto Nacional de Estadística, Geografía e Informática. México _959304 |
|
| 245 | 1 | 0 |
_aEncuesta nacional de empleo : _bVeracruz _c/por Instituto Nacional de Estadística, Geografía e Informática |
| 260 |
_aAguascalientes, Ags. : _bInstituto Nacional de Estadística, Geografía e Informática, _c1997-19 |
||
| 300 |
_av. : _banexos |
||
| 500 | _aLa biblioteca tiene : 1996, 1998, 2000, 2002 | ||
| 590 |
_aBATCH-UPD _b10 _c20130110 _lUCH01 _h0625 |
||
| 590 |
_aBATCH-UPD _b10 _c20130410 _lUCH01 _h0308 |
||
| 590 |
_aBATCH-UPD _b10 _c20130914 _lUCH01 _h1154 |
||
| 590 |
_aCONVERSION _b10 _c20130109 _lUCH01 _h1342 |
||
| 650 | 1 | 4 |
_aDesempleo. _932123 |
| 650 | 1 | 4 |
_aEmpleo _xVeracruz. _936583 |
| 650 | 1 | 4 |
_aTrabajo y trabajadores _zVeracruz. _9114558 |
| 650 | 1 | 4 |
_aVeracruz _xCondiciones económicas. _9118807 |
| 901 | _aBK | ||
| 905 | _aLilia Sánchez G. | ||
| 942 | _cLIBRO | ||
| 949 |
_a331.11 I56 Ver. _bBC _cINEGI _d33724000701231 _eINEGI _f1996 _h93898 _i86658 _sb |
||
| 949 |
_a331.11 I56 Ver. _bBC _cINEGI _d33724000773776 _eINEGI _f1998 _h97814 _i86658 _sb |
||
| 949 |
_a331.11 I56 Ver. _bBC _cINEGI _d33724000791091 _eINEGI _f1998 c.3 _h99024 _i86658 _kDonaciØn _sb |
||
| 949 |
_a331.11 I56 Ver. _bBC _cINEGI _d33724000793428 _eINEGI _f1998 c.2 _h98617 _i86658 _kDonaciØn _sb |
||
| 949 |
_a331.11 I56 Ver. _bBC _cINEGI _d33724000846770 _eINEGI _f1996 c.2 _gDonaciØn _h101255 _i86658 _sb |
||
| 949 |
_a331.11 I56 Ver. _bBC _cINEGI _d33724000874624 _eINEGI _f2000 _gDonaciØn _h102857 _i86658 _sb |
||
| 949 |
_a331.11 I56 Ver. _bBC _cINEGI _d33724000874681 _eINEGI _f2000 c.2 _gDonaciØn _h102858 _i86658 _sb |
||
| 949 |
_a331.11 I56 Ver. _bBC _cINEGI _d33724000910550 _eINEGI _f2002 _gDonaciØn _h104088 _i86658 _sb |
||
| 999 |
_c76088 _d76088 |
||